| 000 | 00359cam a22001097a 4500 | ||
|---|---|---|---|
| 008 | 180718b1969 xxu||||| |||| 00| 0 eng d | ||
| 082 | _aXA 23 x 42 un3 15 | ||
| 245 |
_aFamily houses at West Ham : An Account of the project with an appraisal _cBy HMSO |
||
| 260 |
_aLondon _bHMSO _c1969 |
||
| 300 | _a120p. | ||
| 650 | _aArchitecture, Domestic -- England -- West Ham | ||
| 999 |
_c415034 _d415034 |
||